Role of social media in political awareness and public opinion amongst youth: A comparative study of Gurugaon and Faridabad (Record no. 10403)

MARC details
000 -LEADER
fixed length control field 00422nam a2200145Ia 4500
008 - FIXED-LENGTH DATA ELEMENTS--GENERAL INFORMATION
fixed length control field 230917s9999||||xx |||||||||||||| ||und||
040 ## - CATALOGING SOURCE
-- 5013007
Original cataloging agency VIVEKANANDA LIBRARY
041 ## - Language
-- English
082 ## - DDC NUMBER
Classification number 320.014 K968R
100 ## - MAIN ENTRY--PERSONAL NAME
Personal name Kusum Lata
245 #0 - TITLE STATEMENT
Title Role of social media in political awareness and public opinion amongst youth: A comparative study of Gurugaon and Faridabad
260 ## - PUBLICATION, DISTRIBUTION, ETC. (IMPRINT)
Date of publication, distribution, etc 2021
300 ## - PHYSICAL DESCRIPTION
Pages 249 p.
942 ## - ADDED ENTRY ELEMENTS (KOHA)
Koha item type Books
Holdings
Withdrawn status Lost status Damaged status Not for loan Location (home branch) Sublocation or collection (holding branch) Date acquired Koha issues (times borrowed) Koha full call number Accession No. Koha date last seen Koha item type
        VIVEKANANDA LIBRARY VIVEKANANDA LIBRARY 16/06/2022   320.014 K968R 224674 17/09/2023 Books
© Designed and Maintained by Vivekananda Library, MDU Rohtak